|
|
|
|
| LEADER |
00000cas a2200000 c 4500 |
| 001 |
182214605 |
| 003 |
DE-627 |
| 005 |
20260207124304.0 |
| 007 |
tu |
| 008 |
950318c19789999gw z| m| 0 |0ger c |
| 016 |
7 |
|
|a 017143160
|2 DE-101
|
| 016 |
7 |
|
|a 1186939-2
|2 DE-600
|
| 035 |
|
|
|a (DE-627)182214605
|
| 035 |
|
|
|a (DE-576)012308277
|
| 035 |
|
|
|a (DE-599)ZDB1186939-2
|
| 035 |
|
|
|a (OCoLC)84033992
|
| 040 |
|
|
|a DE-627
|b ger
|c DE-627
|e rakwb
|
| 041 |
|
|
|a ger
|
| 044 |
|
|
|c XA-DE
|
| 082 |
0 |
4 |
|a 100
|a 700
|a 290
|q DE-600
|
| 084 |
|
|
|a 10
|a 100
|2 sdnb
|
| 111 |
2 |
|
|a Kolloquium zur Gegenwartsphilosophie
|j VerfasserIn
|0 (DE-588)2094237-0
|0 (DE-627)10056044X
|0 (DE-576)19285089X
|4 aut
|
| 245 |
1 |
0 |
|a Kolloquien zur Gegenwartsphilosophie
|
| 264 |
3 |
1 |
|a Paderborn
|a München
|a Wien
|b Schöningh
|c 1978-
|
| 336 |
|
|
|a Text
|b txt
|2 rdacontent
|
| 337 |
|
|
|a ohne Hilfsmittel zu benutzen
|b n
|2 rdamedia
|
| 338 |
|
|
|a Band
|b nc
|2 rdacarrier
|
| 362 |
0 |
|
|a 1.1978 -
|
| 363 |
0 |
1 |
|a 1
|i 1978
|
| 655 |
|
7 |
|a Monografische Reihe
|0 (DE-588)4179998-7
|0 (DE-627)104628669
|0 (DE-576)209995106
|2 gnd-content
|
| 787 |
0 |
8 |
|i 1=1; 2=2; 3=3 von
|t Materialien zur Normendiskussion
|d Paderborn : Schöningh, 1978
|w (DE-627)167615718
|w (DE-600)551647-X
|w (DE-576)007301715
|
| 889 |
|
|
|w (DE-603)185659411
|
| 935 |
|
|
|a mteo
|
| 936 |
s |
n |
|a c100
|2 mzub
|
| 951 |
|
|
|a ST
|
| ELC |
|
|
|b 1
|
| LOK |
|
|
|0 000 xxxxxcx a22 zn 4500
|
| LOK |
|
|
|0 001 2093177579
|
| LOK |
|
|
|0 003 DE-627
|
| LOK |
|
|
|0 004 182214605
|
| LOK |
|
|
|0 005 20020307000000
|
| LOK |
|
|
|0 008 900105||||||||||||||||ger|||||||
|
| LOK |
|
|
|0 040
|a DE-21
|c DE-627
|d DE-21
|
| LOK |
|
|
|0 852
|a DE-21
|
| LOK |
|
|
|0 852 1
|9 00
|
| LOK |
|
|
|0 866
|x NAK
|
| LOK |
|
|
|0 935
|a konv
|
| LOK |
|
|
|0 939
|a 05-01-90
|b l01
|
| LOK |
|
|
|0 000 xxxxxcx a22 zn 4500
|
| LOK |
|
|
|0 001 2093177587
|
| LOK |
|
|
|0 003 DE-627
|
| LOK |
|
|
|0 004 182214605
|
| LOK |
|
|
|0 005 20210629105429
|
| LOK |
|
|
|0 008 980630||||||||||||||||ger|||||||
|
| LOK |
|
|
|0 040
|a DE-21-31
|c DE-627
|d DE-21-31
|
| LOK |
|
|
|0 852
|a DE-21-31
|
| LOK |
|
|
|0 852 1
|c Einzelsignatur
|m p
|9 00
|
| LOK |
|
|
|0 866
|x Auf Dubletten ev/kath geprüft 6/21
|
| LOK |
|
|
|0 938
|k p
|
| LOK |
|
|
|0 939
|a 30-06-98
|b l01
|
| LOK |
|
|
|0 000 xxxxxcx a22 zn 4500
|
| LOK |
|
|
|0 001 2093177595
|
| LOK |
|
|
|0 003 DE-627
|
| LOK |
|
|
|0 004 182214605
|
| LOK |
|
|
|0 005 20240321092915
|
| LOK |
|
|
|0 008 910318||||||||||||||||ger|||||||
|
| LOK |
|
|
|0 040
|a DE-21-35
|c DE-627
|d DE-21-35
|
| LOK |
|
|
|0 852
|a DE-21-35
|
| LOK |
|
|
|0 852 1
|c Einzelsignatur
|m p
|9 00
|
| LOK |
|
|
|0 935
|a kneu
|
| LOK |
|
|
|0 938
|k p
|
| LOK |
|
|
|0 939
|a 18-03-91
|b l01
|
| LOK |
|
|
|0 000 xxxxxcx a22 zn 4500
|
| LOK |
|
|
|0 001 2093177609
|
| LOK |
|
|
|0 003 DE-627
|
| LOK |
|
|
|0 004 182214605
|
| LOK |
|
|
|0 005 20020309000000
|
| LOK |
|
|
|0 008 980120||||||||||||||||ger|||||||
|
| LOK |
|
|
|0 040
|a DE-21-108
|c DE-627
|d DE-21-108
|
| LOK |
|
|
|0 092
|o l
|
| LOK |
|
|
|0 852
|a DE-21-108
|
| LOK |
|
|
|0 852 1
|m p
|9 00
|
| LOK |
|
|
|0 938
|k p
|
| LOK |
|
|
|0 939
|a 20-01-98
|b l01
|
| LOK |
|
|
|0 000 xxxxxcx a22 zn 4500
|
| LOK |
|
|
|0 001 2513285069
|
| LOK |
|
|
|0 003 DE-627
|
| LOK |
|
|
|0 004 182214605
|
| LOK |
|
|
|0 005 20240321092915
|
| LOK |
|
|
|0 008 060801||||||||||||||||ger|||||||
|
| LOK |
|
|
|0 040
|a DE-21-22
|c DE-627
|d DE-21-22
|
| LOK |
|
|
|0 852
|a DE-21-22
|
| LOK |
|
|
|0 852 1
|m p
|9 00
|
| LOK |
|
|
|0 935
|a k022
|a kneu
|
| LOK |
|
|
|0 938
|k p
|
| LOK |
|
|
|0 939
|a 01-08-06
|b l01
|
| LOK |
|
|
|0 000 xxxxxcx a22 zn 4500
|
| LOK |
|
|
|0 001 2539476724
|
| LOK |
|
|
|0 003 DE-627
|
| LOK |
|
|
|0 004 182214605
|
| LOK |
|
|
|0 005 20240321092915
|
| LOK |
|
|
|0 008 070802||||||||||||||||ger|||||||
|
| LOK |
|
|
|0 040
|a DE-21-46
|c DE-627
|d DE-21-46
|
| LOK |
|
|
|0 852
|a DE-21-46
|
| LOK |
|
|
|0 852 1
|m p
|9 00
|
| LOK |
|
|
|0 935
|a k046
|a i046
|a kneu
|
| LOK |
|
|
|0 938
|k p
|
| LOK |
|
|
|0 939
|a 02-08-07
|b l01
|
| LOK |
|
|
|0 000 xxxxxcx a22 zn 4500
|
| LOK |
|
|
|0 001 2579570799
|
| LOK |
|
|
|0 003 DE-627
|
| LOK |
|
|
|0 004 182214605
|
| LOK |
|
|
|0 005 20240321092915
|
| LOK |
|
|
|0 008 080901||||||||||||||||ger|||||||
|
| LOK |
|
|
|0 040
|a DE-21-43
|c DE-627
|d DE-21-43
|
| LOK |
|
|
|0 852
|a DE-21-43
|
| LOK |
|
|
|0 852 1
|m p
|9 00
|
| LOK |
|
|
|0 935
|a k043
|a kneu
|
| LOK |
|
|
|0 938
|k p
|
| LOK |
|
|
|0 939
|a 01-09-08
|b l01
|
| LOK |
|
|
|0 000 xxxxxcx a22 zn 4500
|
| LOK |
|
|
|0 001 271324174X
|
| LOK |
|
|
|0 003 DE-627
|
| LOK |
|
|
|0 004 182214605
|
| LOK |
|
|
|0 005 20240321102920
|
| LOK |
|
|
|0 008 120514||||||||||||||||ger|||||||
|
| LOK |
|
|
|0 040
|a DE-21-206
|c DE-627
|d DE-21-206
|
| LOK |
|
|
|0 852
|a DE-21-206
|
| LOK |
|
|
|0 852 1
|m p
|9 00
|
| LOK |
|
|
|0 935
|a i034
|a k034
|a veex
|a mcup
|
| LOK |
|
|
|0 938
|k p
|
| LOK |
|
|
|0 939
|a 14-05-12
|b l01
|
| LOK |
|
|
|0 000 xxxxxcx a22 zn 4500
|
| LOK |
|
|
|0 001 2847479791
|
| LOK |
|
|
|0 003 DE-627
|
| LOK |
|
|
|0 004 182214605
|
| LOK |
|
|
|0 005 20240321092915
|
| LOK |
|
|
|0 008 150702||||||||||||||||ger|||||||
|
| LOK |
|
|
|0 040
|a DE-21-121
|c DE-627
|d DE-21-121
|
| LOK |
|
|
|0 852
|a DE-21-121
|
| LOK |
|
|
|0 852 1
|m p
|9 00
|
| LOK |
|
|
|0 935
|a k121
|a i121
|
| LOK |
|
|
|0 938
|k p
|
| LOK |
|
|
|0 939
|a 02-07-15
|b l01
|
| LOK |
|
|
|0 000 xxxxxcx a22 zn 4500
|
| LOK |
|
|
|0 001 2093176890
|
| LOK |
|
|
|0 003 DE-627
|
| LOK |
|
|
|0 004 182214605
|
| LOK |
|
|
|0 005 20050413000000
|
| LOK |
|
|
|0 008 050413||||||||||||||||ger|||||||
|
| LOK |
|
|
|0 040
|a DE-Frei85
|c DE-627
|d DE-Frei85
|
| LOK |
|
|
|0 852
|a DE-Frei85
|
| LOK |
|
|
|0 852 1
|m p
|9 00
|
| LOK |
|
|
|0 938
|k p
|
| LOK |
|
|
|0 939
|a 13-04-05
|b l01
|
| ORI |
|
|
|a SA-MARC-krimdokb001.raw
|
| SPR |
|
|
|a 1
|t KRI
|